• AIU
  • Tony Wilmot Memorial Library

'Wun -se -nao 'o go -zlan 'pio -a 'seedh. (Record no. 40840)

MARC details
000 -LEADER
fixed length control field 00983nam a22002531a 4500
003 - CONTROL NUMBER IDENTIFIER
control field OSt
005 - DATE AND TIME OF LATEST TRANSACTION
control field 20110718133352.0
008 - FIXED-LENGTH DATA ELEMENTS--GENERAL INFORMATION
fixed length control field 091005s1993 001 0 eng d
020 ## - INTERNATIONAL STANDARD BOOK NUMBER
Terms of availability 0.00
040 ## - CATALOGING SOURCE
Original cataloging agency NEGST Library - Kenya
Language of cataloging DLC
Transcribing agency DLC
Modifying agency DLC
050 #4 - LIBRARY OF CONGRESS CALL NUMBER
Classification number REF BS 325.D36 1993
100 1# - MAIN ENTRY--PERSONAL NAME
Personal name International Bible Society.
9 (RLIN) 7990
245 11 - TITLE STATEMENT
Title 'Wun -se -nao 'o go -zlan 'pio -a 'seedh.
260 ## - PUBLICATION, DISTRIBUTION, ETC. (IMPRINT)
Place of publication, distribution, etc Abidjan :
Name of publisher, distributor, etc Societe Biblique Interna,
Date of publication, distribution, etc 1993.
300 ## - PHYSICAL DESCRIPTION
Extent viii, 737p. : il.
500 ## - GENERAL NOTE
General note "Le Nouveau Testament en dan blowo (yacouba) de Cote d'Ivoire." - T.p. verso. Includes maps. Cover title: 'Wun -se -nao 'seedhe. [Africana]
600 10 - SUBJECT ADDED ENTRY--PERSONAL NAME
Personal name Bible. N.T. Dan Blowo (Yacouba). 1992.
9 (RLIN) 7991
600 10 - SUBJECT ADDED ENTRY--PERSONAL NAME
Personal name Dan Blowo (Yacouba) - Texts.
9 (RLIN) 7992
600 10 - SUBJECT ADDED ENTRY--PERSONAL NAME
Personal name Dan language - Texts.
9 (RLIN) 7993
700 1# - ADDED ENTRY--PERSONAL NAME
Personal name Association Ivoirienne pour la Traductio.
9 (RLIN) 7994
942 ## - ADDED ENTRY ELEMENTS (KOHA)
Source of classification or shelving scheme Library of Congress Classification
Koha item type Articles
Holdings
Withdrawn status Lost status Source of classification or shelving scheme Damaged status Not for loan Collection code Home library Current library Shelving location Date acquired Source of acquisition Cost, normal purchase price Full call number Barcode Date last seen Copy number Price effective from Koha item type
    Library of Congress Classification     Reference AIU/NEGST - Tony Wilmot Memorial Library AIU/NEGST - Tony Wilmot Memorial Library Reference 10/05/2009 donation 12.00 REF BS 325.D36 1993 R36608K3232 09/26/2019 1 10/05/2009 Africana collection ( Reference)
    Library of Congress Classification     Reference AIU/NEGST - Tony Wilmot Memorial Library AIU/NEGST - Tony Wilmot Memorial Library Reference 10/05/2009 donation 12.00 REF BS 325.D36 1993 R08752J3232 09/26/2019 1 10/05/2009 Africana collection ( Reference)